Score 0/21 Timer 02:00
1 Play Today
Clue Word % Correct
'If I _____ a nickel for every time…'HAD
95.6%
Kept out of sightHID
94.1%
▲ Chinese dynasty: (206 BC-220 AD); Mr. Solo from 'Star Wars' ▲HAN
94.1%
Female domestic fowlHEN
91.3%
Ms. Aniston's nicknameJEN
89.7%
HelpAID
88.5%
Most common conjunctionAND
87.8%
Make musical sounds with the voiceSING
87.6%
▲ Chinese dynasty: (1368-1644 AD); Ex-NBA player Yao _____MING
87%
The hair of a lion or horseMANE
86.1%
Neither mad or mentally illSANE
82.9%
Clue Word % Correct
With above, table tennisPING-
81.1%
Bomb placed below or on the groundMINE
80.4%
With below, table tennisPONG
80.2%
▲ Chinese dynasty: (960-1279 AD); Actress Brenda _____ of 'The Social Network' ▲SONG
76.1%
Director of 'Life of Pi', _____ LeeANG
74%
▲ Chinese dynasty: (618-907 AD); Strong flavor or orange drink ▲TANG
70.7%
Sharp clear ringing soundTING
68%
▲ Chinese dynasty: (265-420 AD); 'Tekken' character or Sun's husband in 'Lost' ▲JIN
55.5%
1953 Western film starring Alan LaddSHANE
42.6%
▲ Chinese dynasty: (1600-1046 BC); Coach in 'Mulan' ▲SHANG
28.8%

Today's Daily Dose

Remove Ads.
Support Sporcle.
Get the best of Sporcle when you Go Orange. This ad-free experience offers more features, more stats, and more fun while also helping to support Sporcle. Thank you for becoming a member.

You're not logged in!

Compare scores with friends on all Sporcle quizzes.
OR
Log In

Show Comments

Extras

Top Quizzes Today


Score Distribution

Your Account Isn't Verified!

In order to create a playlist on Sporcle, you need to verify the email address you used during registration. Go to your Sporcle Settings to finish the process.

Report this User

Report this user for behavior that violates our Community Guidelines.

Details: